000 00406nam a2200109Ia 4500
008 160909s9999 xx 000 0 und d
100 _aAndrews, Jennifer G.
245 2 _aA qualitative study to elucidate consumer rejection of the practice of coupon use
260 _bThe University of Arizona.
_c2016
650 _aInformation Technology
856 _uhttp://pqdtopen.proquest.com/doc/1794656168.html?FMT=ABS
999 _c303836
_d303836